Online
Catalog

Los temas críticos de la educación superior en América Latina / (Record no. 11778)

MARC details
000 -CABECERA
campo de control de longitud fija 01219cam a2200289 a 4500
001 - NÚMERO DE CONTROL
campo de control 000012113
005 - FECHA Y HORA DE LA ÚLTIMA TRANSACCIÓN
campo de control 20200929162711.0
008 - DATOS DE LONGITUD FIJA--INFORMACIÓN GENERAL
campo de control de longitud fija 970131m19961997mx b 000 0 spa
020 ## - NÚMERO INTERNACIONAL ESTÁNDAR DEL LIBRO
Número Internacional Estándar del Libro 9681651847 (set)
020 ## - NÚMERO INTERNACIONAL ESTÁNDAR DEL LIBRO
Número Internacional Estándar del Libro 9681646983 (v. 1)
020 ## - NÚMERO INTERNACIONAL ESTÁNDAR DEL LIBRO
Número Internacional Estándar del Libro 9681651286 (v. 2)
035 ## - NÚMERO DE CONTROL DEL SISTEMA
Número de control de sistema (DLC) 97110920
040 ## - FUENTE DE LA CATALOGACIÓN
Centro catalogador/agencia de origen DO-SdBNP
Lengua de catalogación spa
Centro/agencia transcriptor DLC
Centro/agencia modificador BNPHU
082 ## - NÚMERO DE LA CLASIFICACIÓN DECIMAL DEWEY
Número de clasificación 378.8
Número de documento/Ítem T278c
049 ## - FONDOS LOCALES (OCLC)
Fondos de biblioteca BNGR
245 04 - MENCIÓN DE TÍTULO
Título Los temas críticos de la educación superior en América Latina /
Mención de responsabilidad, etc. compilador, Rollin Kent.
260 ## - PUBLICACIÓN, DISTRIBUCIÓN, ETC.
Lugar de publicación, distribución, etc. Aguascalientes, (México) :
Nombre del editor, distribuidor, etc. Universidad Autónoma de Aguascalientes ;
-- Fondo de Cultura Económica,
Lugar de publicación, distribución, etc. Santiago, (Chile) :
Nombre del editor, distribuidor, etc. Facultad Latinoamericana de Ciencias Sociales ;,
Fecha de publicación, distribución, etc. 1996.
300 ## - DESCRIPCIÓN FÍSICA
Extensión 2 v. ;
Dimensiones 21 cm.
490 1# - MENCIÓN DE SERIE
Mención de serie Sección de obras de educación y pedagogía
504 ## - NOTA DE BIBLIOGRAFÍA, ETC.
Nota de bibliografía, etc. Incluye referencias bibliográficas.
505 0# - NOTA DE CONTENIDO CON FORMATO
Nota de contenido con formato vol. 1 Estudios comparativos -- vol. 2. Los años 90 : expansión privada, evaluación y posgrado.
650 #4 - PUNTO DE ACCESO ADICIONAL DE MATERIA--TÉRMINO DE MATERIA
Término de materia o nombre geográfico como elemento de entrada Educación superior
Subdivisión geográfica América Latina
Fechas vigentes 1990-
9 (RLIN) 20447
650 #4 - PUNTO DE ACCESO ADICIONAL DE MATERIA--TÉRMINO DE MATERIA
Término de materia o nombre geográfico como elemento de entrada Estudios interculturales
9 (RLIN) 28626
700 1# - PUNTO DE ACCESO ADICIONAL--NOMBRE DE PERSONA
Nombre de persona Kent Serna, Rollin,
Término indicativo de función/relación comp.
9 (RLIN) 28627
830 #0 - PUNTO DE ACCESO ADICIONAL DE SERIE-TÍTULO UNIFORME
Título uniforme Sección de obras de educación y pedagogía
9 (RLIN) 28628
910 ## - DATOS DE OPCIÓN DEL USUARIO (OCLC)
Datos de opción del usuario Catalogación derivada
Holdings
Estado de retiro Estado de pérdida Restricciones de uso No para préstamo Código de colección Localización permanente Ubicación/localización actual Ubicación en estantería Fecha de adquisición Número de inventario Total de préstamos Signatura topográfica completa Código de barras Fecha visto por última vez Precio válido a partir de Tipo de ítem Koha
    Préstamo interno   Monografías: Libros y Folletos General General En catalogación 04.11.2009 LF1   v.1 12113-10 25.06.2020 25.06.2020 Préstamo interno
    Préstamo interno   Monografías: Libros y Folletos General General En catalogación 04.11.2009 LF1   v.2 12113-20 25.06.2020 25.06.2020 Préstamo interno

Powered by Koha